1281 1597 1576 1277 1499 1635 1849 1429 1726 1029 1111 1688 1609 1143 1398 1517 1943 1277 1366 1639 1417 1871 1018 1879 1540 1415 1197 1460 1453 1105 1974 1532 1737 1435 1364 1968 1347 1047 1138 1110 1834 1330 1628 1838 1393 1933 1565 1283 1273 1404 1792 1419 1210 1504 1392 1026 1140 1257 1146 1849 1037 1906 1244 1905 1907 1154 1681 1837 1039 1239 1956 1657 1623 1864 1007 1307 1492 1648 1400 1254 1861 1004 1982 1432 1182 1451 1938 1233 1021 1329 1809 1073 1850 1036 1273 1557 1699 1674 1402 BCNSPRNW ULIB Ver.6.0+V

เปลี่ยนเป็นภาษาไทย

Change to English
 แสดงรายละเอียดบรรณานุกรม
  กลับหน้าหลัก

Brief Record : Get Marc (ISO 2709) : E-mail record : QR code < ปิดหน้าต่าง
LEADER : 00000nam 2200000uu 4500
001    13399124527
003     ULIB
008    150821s2544||||th 000 0 tha d
020    9789747074109
090    นว.^bป496ด
100 0  กิ่งฉัตร
245 00 ดวงใจพิสุทธิ์^cกิ่งฉัตร
945    ^p0^l0^i013661
999    ^aเกษร โพธิ์สุวรรณ
รายการนี้ยังไม่มีแท็ก
คุณยังไม่ได้ล็อกอิน คุณสามารถมีกิจกรรมร่วมกับเว็บไซต์ได้ แต่ต้องล็อกอินก่อน ::
  ล็อกอิน

รายการสื่อสารสนเทศ

ลำดับที่ ประเภท เลขเรียก/บาร์โค้ด สถานที่ สถานะ
1. นวนิยาย
นวนิยาย
นว. ป496ด ฉ.1 
  Barcode: 013661
ห้องสมุดวิทยาเขตนครสวรรค์
►นวนิยาย:l:Fiction
บนชั้น

รายการใกล้เคียง
    ผู้แต่ง [กิ่งฉัตร]

BibComment


ยังไม่เคยถูกคอมเมนท์

คอมเมนท์ทรัพยากรรายการนี้
  คอมเมนท์: ดวงใจพิสุทธิ์ กิ่..


 Copyright 2026. Bcnsprnw @Library